000 00920naa a22002657a 4500
001 BR7600049
003 BR-BrBNA
005 20240918173801.0
007 ta
008 230509b bl.||||| |||| 00| 0 por d
040 _aBR-BrBNA
_bpor
_cBiblioteca Nacional de Agricultura
041 _a(Pt)
072 _aH10
_b0336
_b4020
_bG514
090 _aH10 BR7600049
100 1 _aHeinrichs, E.A.
100 1 _aSilva, R.F.P.
111 1 _a3. Reuniao Conjunta de Pesquisa da Soja, RS/SC
_cPorto Alegre, RS (Brazil)
_d18 Aug 1975
245 1 _aControle de Anticarsia gemmatalis Hubner, 1818, Lepidoptera - Noctuidade com pH 6040 em baixas dosagens [Soja; Lagarta; Brasil]
260 3 _aPorto Alegre, RS (Brasil):
_c1975.
500 _aSoja, fitossanidade Porto Alegre, RS (Brasil): 1975. p. 4-7 (BR7600049-AM)H10
650 _aSOJA
650 _aLAGARTA
909 _a202404
_bLucia
_c55
_dLucia Elande
942 _cAM
_2AGRIS
999 _c306885
_d306885